Books on Asia from the near East to the far East (Record no. 691684)

MARC details
000 -LEADER
fixed length control field 00734nam a2200241Ia 4500
003 - CONTROL NUMBER IDENTIFIER
control field OSt
005 - DATE AND TIME OF LATEST TRANSACTION
control field 20220927105312.0
008 - FIXED-LENGTH DATA ELEMENTS--GENERAL INFORMATION
fixed length control field 220926b |||||||| |||| 00| 0 eng d
020 ## - INTERNATIONAL STANDARD BOOK NUMBER
International Standard Book Number 0802016839
037 ## - SOURCE OF ACQUISITION
Terms of availability Reference Collections
040 ## - CATALOGING SOURCE
Original cataloging agency RTL
Transcribing agency RTL
Language of cataloging eng
041 ## - LANGUAGE CODE
Source of code eng
Language code of text/sound track or separate title eng
100 ## - MAIN ENTRY--PERSONAL NAME
Personal name BIRNBAUM Eleazar
9 (RLIN) 371531
245 #0 - TITLE STATEMENT
Title Books on Asia from the near East to the far East
Remainder of title A guide for the general reader ; selected and annotated.
260 ## - PUBLICATION, DISTRIBUTION, ETC.
Place of publication, distribution, etc. Toronto
Name of publisher, distributor, etc. University of Toronto Press
Date of publication, distribution, etc. 1971
300 ## - PHYSICAL DESCRIPTION
Extent "XV, 341p"
Dimensions cm.
942 ## - ADDED ENTRY ELEMENTS (KOHA)
Classification part "Y:1, L1"
Koha item type
Holdings
Withdrawn status Lost status Damaged status Not for loan Home library Current library Date acquired Total Checkouts Full call number Barcode Date last seen Price effective from Koha item type
        Ratan Tata Library Ratan Tata Library 2022-09-27   "Y:1 L1" RT1329507 2022-09-27 2022-09-27  
Copyright @ Delhi University Library System